Diseases of bees.

Bibliographic Details
Corporate Author: Great Britain. Ministry of Agriculture and Fisheries
Format: Book
Language:English
Published: London : H.M. Stationery Off, 1948.
Series:Bulletin (Great Britain. Ministry of Agriculture, Fisheries and Food) ; no. 100.
Subjects:

MARC

Tag First Indicator Second Indicator Subfields
LEADER 00000cam a2200000 4500
001 in00000286913
005 20151010081928.0
008 790627r1948 enka f00000 eng d
035 |a (OCoLC)05113373 
035 |9 ABF7892AM 
040 |a TXA  |c TXA  |d UtOrBLW 
049 |a TXAM  |c [125226] 
090 |a S217  |b .A6132 no. 100 1948 
110 1 |a Great Britain.  |b Ministry of Agriculture and Fisheries. 
245 1 0 |a Diseases of bees. 
264 1 |a London :  |b H.M. Stationery Off,  |c 1948. 
300 |a 25 pages :  |b illustrations 
336 |a text  |b txt  |2 rdacontent 
337 |a unmediated  |b n  |2 rdamedia 
338 |a volume  |b nc  |2 rdacarrier 
490 1 |a Its Bulletin no. 100 
500 |a First published, 1945; reprinted with amendments, 1948. 
650 0 |a Bees  |x Diseases. 
830 0 |a Bulletin (Great Britain. Ministry of Agriculture, Fisheries and Food) ;  |v no. 100. 
999 |a MARS 
999 f f |s da2b79e9-5742-3bbd-a618-e6422b1888ba  |i a47c5d6c-368d-3ce3-8360-7f394494590c  |t 0 
952 f f |p storage  |a Texas A&M University  |b J.J. Pickle Campus  |c High Density Repository  |d Remote Storage  |t 0  |e S217 .A6132 no. 58-103  |h Library of Congress classification  |i unmediated -- volume  |m AM1480061188 
952 f f |a Texas A&M University  |b J.J. Pickle Campus  |c High Density Repository  |d Remote Storage  |t 0  |e S217 .A6132 no. 58-103  |h Library of Congress classification 
998 f f |a S217 .A6132 no. 58-103  |t 0  |l Remote Storage